000 00871nac a22002777a 4500
001 BR8207158
003 BR-BrBNA
005 20240105115600.0
008 230509b bl.|||m| |||| 00| 0 por d
040 _aBR-BrBNA
_bpor
_cBiblioteca Nacional de Agricultura
072 _aK50
090 _a8919 BR8207158
100 1 _aZvinakevicius, C.
110 1 _aCelulose Nipo-Brasileira S.A., Belo Oriente, MG (Brasil)
_91355
245 1 _aEstudo comparativo da qualidade da celulose BR e CE nos mesmos niveis de alvura
260 3 _aBelo Oriente, MG (Brasil):
_c1982.
300 _a72 p.
490 _aCENIBRA Pesquisa. Serie 2 (Brazil)
_vno. 27
_x
500 _a42 graphs; 18 tables
650 _aPOLPA
650 _aCLARIFICACAO
650 _aCELULOSE
650 _aANALISE QUALITATIVA
909 _a202312
_bLúcia Elande
_c55
_dLúcia Elande
942 _2AGRIS
_n0
_cMS
999 _c275426
_d275426